[Event "NZL-ch op-B 130th"]
[Site "Wellington"]
[Date "2023.01.10"]
[Round "9"]
[White "Lu, Xiahan Luna"]
[Black "Sussex, Taylor"]
[Result "1-0"]
[WhiteElo "1480"]
[BlackElo "1368"]
[PlyCount "29"]
[EventDate "2023.01.02"]
[EventType "swiss"]
[EventRounds "9"]
[EventCountry "NZL"]
[SourceTitle "CBM 212 Extra"]
[Source "ChessBase"]
[SourceDate "2023.03.31"]
[SourceVersion "1"]
[SourceVersionDate "2023.03.31"]
[SourceQuality "1"]

1. d4 Nf6 2. c4 e6 3. Nc3 Bb4 4. Qc2 d5 5. Bg5 dxc4 6. e3 b5 7. Nf3 Nbd7 8. Be2 Bb7 9. 0-0 a6 10. a4 h6 11. Bxf6 Nxf6 12. axb5 Bxc3 13. bxa6 Bxb2 14. Qxb2 Bxa6 15. Rxa6 1-0

[Event "NZL-ch op-B 130th"]
[Site "Wellington"]
[Date "2023.01.09"]
[Round "8"]
[White "Sussex, Taylor"]
[Black "Zhou, Adele"]
[Result "1-0"]
[WhiteElo "1368"]
[BlackElo "1166"]
[PlyCount "109"]
[EventDate "2023.01.02"]
[EventType "swiss"]
[EventRounds "9"]
[EventCountry "NZL"]
[SourceTitle "CBM 212 Extra"]
[Source "ChessBase"]
[SourceDate "2023.03.31"]
[SourceVersion "1"]
[SourceVersionDate "2023.03.31"]
[SourceQuality "1"]

1. e4 c5 2. Nf3 Nc6 3. d4 cxd4 4. Nxd4 Nf6 5. Nc3 e5 6. Ndb5 d6 7. Bg5 a6 8. Na3 b5 9. Nd5 Be7 10. Bxf6 Bxf6 11. c3 Bg5 12. Nc2 0-0 13. a4 Bb7 14. axb5 axb5 15. Rxa8 Qxa8 16. Bxb5 Qa5 17. Na3 Nd4 18. Qa4 Qxa4 19. Bxa4 Nc6 20. 0-0 Ne7 21. Nxe7+ Bxe7 22. Bc2 Bc6 23. Nc4 Bb5 24. Bd3 Rb8 25. b3 g6 26. Rb1 Rd8 27. Bf1 Kg7 28. Ne3 Bc6 29. Bd3 Ra8 30. Kf1 Ra2 31. f3 Rd2 32. Rd1 Ra2 33. Ke1 Bg5 34. Rd2 Ra1+ 35. Ke2 Ra3 36. Rb2 Ra1 37. Bc4 Ra3 38. Bd5 Bd7 39. Kd3 Ra6 40. Bc4 Rb6 41. Nd5 Rb8 42. Ra2 h6 43. Ra6 Bb5 44. Rxd6 Bxc4+ 45. Kxc4 Bd2 46. Rc6 Ra8 47. Kb5 Ra2 48. Ra6 Rb2 49. Kc4 Bg5 50. b4 Rxg2 51. b5 Rxh2 52. b6 Rb2 53. Ra5 Bd8 54. Rb5 Rxb5 55. Kxb5 1-0

[Event "NZL-ch op-B 130th"]
[Site "Wellington"]
[Date "2023.01.08"]
[Round "7"]
[White "Zhang, Yaoyuan"]
[Black "Sussex, Taylor"]
[Result "1-0"]
[WhiteElo "1515"]
[BlackElo "1368"]
[PlyCount "48"]
[EventDate "2023.01.02"]
[EventType "swiss"]
[EventRounds "9"]
[EventCountry "NZL"]
[SourceTitle "CBM 212 Extra"]
[Source "ChessBase"]
[SourceDate "2023.03.31"]
[SourceVersion "1"]
[SourceVersionDate "2023.03.31"]
[SourceQuality "1"]

1. d4 Nf6 2. c4 e6 3. Nc3 Bb4 4. Bd2 c5 5. e3 cxd4 6. exd4 Nc6 7. Nf3 0-0 8. a3 Bxc3 9. Bxc3 d5 10. c5 Ne4 11. Rc1 e5 12. dxe5 Nxc3 13. Rxc3 d4 14. Rd3 Bg4 15. Be2 Bxf3 16. Bxf3 Nxe5 17. Rxd4 Nxf3+ 18. gxf3 Qe7+ 19. Re4 Qxc5 20. 0-0 Rad8 21. Qb3 b6 22. Qa4 Rd2 23. Qb4 Qc2 24. Rfe1 Rxf2 1-0